Name a Valid Unique County - Statistics

General Stats
  • This quiz has been taken 957 times
  • The average score is 19 of 50
Answers on the Map
Answers color-coded by a green-red scale on the quiz's map according to % correct below.
 
Answer Stats
State % Correct
California
81%
Texas
80%
Hawaii
73%
Alaska
68%
Idaho
66%
New York
65%
Utah
64%
Colorado
61%
Oklahoma
61%
Pennsylvania
60%
North Carolina
54%
Virginia
54%
Iowa
51%
Maryland
50%
New Mexico
49%
Arizona
47%
Wisconsin
44%
Washington
42%
Florida
41%
Rhode Island
41%
Illinois
40%
Kansas
38%
Nevada
38%
New Jersey
38%
Connecticut
36%
Montana
36%
Michigan
34%
South Carolina
33%
Georgia
32%
Minnesota
32%
Arkansas
31%
Alabama
30%
North Dakota
30%
Ohio
30%
South Dakota
28%
Missouri
27%
West Virginia
25%
Oregon
24%
Maine
23%
Massachusetts
22%
Wyoming
22%
Louisiana
21%
Vermont
21%
Indiana
20%
Nebraska
19%
Delaware
18%
Mississippi
18%
New Hampshire
11%
Kentucky
10%
Tennessee
9%
No matching quizzes found
Score Distribution
Percent of People with Each Score
Percentile by Number Answered
Your Score History
You have not taken this quiz